000 00978nam a22002535i 4500
001 163755
003 ES-MaACL
005 20250717063046.0
008 050718s1882 sp | |||||||| ||spa d
040 _aCAM
_bspa
_cCAM
100 1 _aChaves, Ángel R.,
_d1849-1909
_9126471
245 1 0 _aPáginas en prosa /
_cpor Angel R. Chaves ; con un prólogo de R. Blanco Asenjo.
260 _aMadrid :
_b[s.n.,
_cs.a.] (
_fImprenta de Campuzano hermanos)
300 _a203 p. ;
_c19 cm.
490 1 _aBiblioteca de La Península
596 _aPalau, 273839, lo fecha en 1882.
596 _aEn cub. consta en pie de imp.: Administración:Lope de Vega, 40 y 42.
700 1 _aBlanco Asenjo, Ricardo,
_d1847-1897
_epr.
_9126008
710 2 _aCampuzano Hermanos,
_eimp.
_9134214
752 _aEspaña -
_dMadrid
830 0 _aBiblioteca de La Península
_9222297
852 _aES-MaACL
_jD-846
_z-- Rúst.
_z-- Legado de Modesto de La Fuente
999 _c163755
_d163755